| 000 | 00755nam a2200217Ia 4500 | ||
|---|---|---|---|
| 001 | 4241 | ||
| 003 | GE_BSU | ||
| 008 | 181216s||||||||xx |||||||||||||| ||und|| | ||
| 040 | _cGE_BSU | ||
| 080 | _a621.56/.59 | ||
| 100 | _aРудометкин,Ф.И. Недельский,Г.В. | ||
| 245 | _aМонтаж, эксплуатация и ремонт холодильных установок. | ||
| 245 | _bУчебник. | ||
| 245 | _cРед. Г.А.Гусева, А.Л.Циперсон. | ||
| 260 | _aМ. | ||
| 260 | _bПищевая промышленность. | ||
| 260 | _c1975. | ||
| 300 | _a375 стр. 22 см. | ||
| 653 | _aМонтаж, эксплуатация и ремонт холодильных установок. | ||
| 942 | _cBK | ||
| 999 |
_c38251 _d38251 |
||